00905nam a22001697a 4500020001500000040000600015082001600021100002700037245005800064260002400122300001600146505035700162650003800519942001200557999001900569952014700588 a0387954252 c0 a621.382,VAC aR. Vacca, John9118420 aGuide to Wireless Network Security /cJohn R. Vacca,  aUSAbSpringerc2006 axxii, 848 p aPart.I Overview of Wireless Network Security Technology (Page-1), Part.II Designing Wireless Network Security (Page-161), Part.III Planning for Wireless Networks Security (Page-213), Installing and Deploying Wireless Network Security (Page-261), Part.IV Information Warfare Countermeasure (Page-369), Part.VII Results and Future Directions (Page-681).  aWireless Network Security9118418 2ddccBK c603370d603370 00102ddc4070aMCSbMCScREFd2023-10-09l1o621.382,VACpMCS38752r2026-02-24s2023-10-09w2023-10-09yREFzAlmirah Fresh No.45, Shelf No.3